<?xml version="1.0" encoding="UTF-8"?>
<record
    xmlns:xsi="http://www.w3.org/2001/XMLSchema-instance"
    xsi:schemaLocation="http://www.loc.gov/MARC21/slim http://www.loc.gov/standards/marcxml/schema/MARC21slim.xsd"
    xmlns="http://www.loc.gov/MARC21/slim">

  <leader>00656nab a2200181 i 4500</leader>
  <controlfield tag="001">190402</controlfield>
  <controlfield tag="003">ES-MaACL</controlfield>
  <controlfield tag="005">20250806024742.0</controlfield>
  <controlfield tag="008">210307d1880    sp            000 0 spa d</controlfield>
  <datafield tag="040" ind1=" " ind2=" ">
    <subfield code="c">ES-MaACL</subfield>
  </datafield>
  <datafield tag="100" ind1="1" ind2=" ">
    <subfield code="a">S&#xE1;nchez Moguel, Antonio,</subfield>
    <subfield code="d">1838-1913</subfield>
    <subfield code="e">aut</subfield>
    <subfield code="9">102783</subfield>
  </datafield>
  <datafield tag="245" ind1="1" ind2="3">
    <subfield code="a">El Ateneo de Madrid en el a&#xF1;o acad&#xE9;mico de 1879-80 : </subfield>
    <subfield code="b">apuntamientos hist&#xF3;ricos / </subfield>
    <subfield code="c">por Antonio S&#xE1;nchez Moguel.</subfield>
  </datafield>
  <datafield tag="610" ind1="2" ind2="4">
    <subfield code="a">Ateneo de Madrid-</subfield>
    <subfield code="v">Historia</subfield>
    <subfield code="9">1925</subfield>
  </datafield>
  <datafield tag="773" ind1="0" ind2=" ">
    <subfield code="t">Revista contempor&#xE1;nea, </subfield>
    <subfield code="x">ISSN 0213-8654,</subfield>
    <subfield code="g">t. 28, jul.-ag., 1880, p. 80-88</subfield>
    <subfield code="0">1801</subfield>
    <subfield code="w">1801</subfield>
    <subfield code="9">1837</subfield>
  </datafield>
  <datafield tag="942" ind1=" " ind2=" ">
    <subfield code="c">ANAB</subfield>
    <subfield code="2">udc</subfield>
    <subfield code="n">0</subfield>
  </datafield>
  <datafield tag="999" ind1=" " ind2=" ">
    <subfield code="c">190402</subfield>
    <subfield code="d">190402</subfield>
  </datafield>
</record>
